00512nam a2200181 a 450000100060000000300090000600800410001502000150005604000280007108200180009910000440011724500650016126000240022630000100025065000410026094200120030199900170031324153CO-ViMGA141112s2004 ck r 000 u spa d a9580510822 aCO-ViMGAbspacCO-ViMGA a510.7 G659a111 aGonzales Leandro, Saavedra Miryam9439710aAciertos matematicos 11 / cSaavedra Miryam Gonzales Leandro aColombia : bEducar a304p.14aMATEMATICAS - ENSEÑANZA SECUNDARIA 2ddccBK c11663d11663